Sports Quiz

Random Sports or College Quiz
Score 0/20 Timer 07:00
0 Plays Today
Hint Answer % Correct
Team ColorRed
96.4%
StateKentucky
95.2%
Primary RivalKentucky
95.2%
Team ColorBlack
94.8%
NicknameCardinals
91.5%
CityLouisville
90.1%
No. of Men's Varsity Sports10
87%
No. of Women's Varsity Sports13
85.8%
ConferenceACC
85.6%
Famous Alum: QB Lamar ________Jackson
83.3%
Hint Answer % Correct
Famous Alum: QB _____ BridgewaterTeddy
83.3%
Sport w/ most NCAA ChampionshipsMen's Basketball (2)
80.6%
Famous Alum: SG Donovan _________Mitchell
64.8%
Basketball ArenaKFC Yum! Center
53.8%
Primary RivalCincinnati
41.8%
Football StadiumCardinal Stadium
36.1%
Athletic DirectorVince Tyra
20%
MascotLouie the Cardinal
19.7%
Baseball StadiumJim Patterson Stadium
17.3%
Fight SongFight! U of L
10%
Remove Ads.
Support Sporcle.
Get the best of Sporcle when you Go Orange. This ad-free experience offers more features, more stats, and more fun while also helping to support Sporcle. Thank you for becoming a member.

You're not logged in!

Compare scores with friends on all Sporcle quizzes.
OR
Log In

Show Comments

Extras

Top Quizzes Today


Score Distribution

Your Account Isn't Verified!

In order to create a playlist on Sporcle, you need to verify the email address you used during registration. Go to your Sporcle Settings to finish the process.

Report this User

Report this user for behavior that violates our Community Guidelines.

Details: